[Event "Dos Hermanas-B"]
[Site "Dos Hermanas"]
[Date "2003.04.04"]
[Round "7"]
[White "Korneev, Oleg"]
[Black "Pogorelov, Ruslan"]
[Result "1-0"]
[WhiteElo "2613"]
[BlackElo "2517"]
[Annotator "Rogozenco,D"]
[PlyCount "65"]
[EventDate "2003.03.28"]
[EventType "tourn"]
[EventRounds "9"]
[EventCountry "ESP"]
[EventCategory "10"]
[SourceTitle "CBM 095"]
[Source "ChessBase"]
[SourceDate "2003.07.25"]
[SourceVersion "1"]
[SourceVersionDate "2003.07.25"]
[SourceQuality "1"]

1. e4 c5 2. Nf3 Nc6 3. d4 cxd4 4. Nxd4 Nf6 5. Nc3 e5 6. Ndb5 d6 7. Bg5 a6 8.
Na3 b5 9. Nd5 Be7 10. Bxf6 Bxf6 11. c3 Rb8 12. Nc2 Bg5 13. Be2 O-O 14. O-O Be6
15. Qd3 Bxd5 $6 {A strange decision for a Sveshnikov player. After it White
gets a slight, but long lasting advantage. Of course the usual 15...a5 or even
15...Qd7 are much stronger.} 16. Qxd5 Qb6 ({Now it makes some sense to play
for a quick advance d6-d5:} 16... Ne7 17. Qb3 d5 18. Rad1 (18. exd5 Qxd5 $11)
18... Qd6 19. exd5 Rfd8 {although after the simple} 20. g3 {White is better:}
f5 (20... e4 21. f3 $16) 21. Nb4) 17. Rfd1 b4 $6 (17... Rfd8 $142 $14) 18. cxb4
Nxb4 19. Nxb4 Qxb4 20. Bxa6 {White plays simple, in accordance with the
opening line: he has a stable advantage thanks to the passed pawn on the
a-file and also because of superiority of his bishop (it can be quicker
transferred to the diagonal a2-g8 than black bishop to diagonal a7-g1).} Qxb2
21. a4 Rb4 22. a5 Rd4 {It looks like Black took the wrong decision to make a
draw by trading as many pieces as possible. Unfortunately for him, this won't
solve Black's problems.} 23. Rxd4 Qxa1+ 24. Rd1 Qa4 25. Bc4 Bd8 26. a6 Bb6 27.
g3 {A classical position with two weaknesses in Black's camp:  1.White's
passed pawn can be considered one weakness for Black - he must keep his pieces
to control the further advance of that pawn; 2.Black's own pawn on f7. All
White must do is to combine his play in those two directions and Black will
not be able to defend.} g6 28. Kg2 Kg7 (28... Qc2 29. Rd2 Qb1 30. Rd3 Bc5 31.
Rf3 $18) 29. Rb1 Bxf2 (29... Bc5 30. Rb7 $18) 30. Rf1 (30. Kxf2 $2 Qc2+) 30...
Bc5 31. Rxf7+ Rxf7 32. Qxf7+ Kh6 33. Qf8+ (33. Qf8+ Kg5 34. h4+ Kh5 35. Be2#)
1-0

[Event "ROM-chT"]
[Site "Eforie Nord"]
[Date "2000.12.19"]
[Round "2"]
[White "Pavlov, Mircea Sergiu"]
[Black "Rogozenco, Dorian"]
[Result "0-1"]
[WhiteElo "2365"]
[BlackElo "2531"]
[Annotator "Rogozenco,D"]
[PlyCount "96"]
[EventDate "2000.12.18"]
[EventType "team"]
[EventRounds "5"]
[EventCountry "ROU"]
[SourceTitle "CBM 081"]
[Source "ChessBase"]
[SourceDate "2001.03.20"]
[SourceVersion "1"]
[SourceVersionDate "2001.03.20"]
[SourceQuality "1"]
[WhiteTeam "Victoria Techirghiol"]
[BlackTeam "Bucharest RAT"]
[WhiteTeamCountry "ROU"]
[BlackTeamCountry "ROU"]

1. e4 c5 2. Nf3 Nc6 3. d4 cxd4 4. Nxd4 Nf6 5. Nc3 e5 6. Ndb5 d6 7. Bg5 a6 8.
Na3 b5 9. Bxf6 gxf6 10. Nd5 f5 11. Bd3 Be6 12. O-O Bxd5 13. exd5 Ne7 14. c3 Bg7
15. Qh5 e4 16. Bc2 O-O 17. Rae1 Rc8 $5 {The maneuver Qc8-c5 became so popular,
that the similar maneuver with the Rook is rather an exeption in this position.
} (17... Qc8 18. Kh1 Ng6 19. Bb1 b4 20. cxb4 Bxb2 21. Nc2 Bc3 22. Rc1 Bb2 23.
Rce1 Bc3 24. Rc1 Bb2 {1/2-1/2 Galkin,A-Krasenkow,M/Saint Vincent 2000}) 18. Bb1
$2 (18. Bb3 Qb6 (18... Rc5 $5) (18... Qd7 $5) 19. Nc2 Qa7 20. Kh1 Rce8 21. g3
a5 22. a3 Qd7 23. Ne3 b4 24. axb4 axb4 25. cxb4 Rb8 26. f3 Rxb4 27. Bc2 f4 28.
Ng2 Rxb2 29. Bxe4 f5 30. Bd3 $14 {1-0 Waitzkin,J-Garber,S/New York 1992/ (59)})
(18. f3 $5) 18... Rc5 19. Rd1 $2 (19. f3 Rxd5 20. Qh3 $1 $44) 19... Nxd5 20.
Rxd5 {The only chance, trying to escape in a position with an exchange down.} (
20. Bxe4 $4 Nf6 $19) (20. b4 $4 Nf4 $19) 20... Rxd5 21. Bxe4 Re5 22. Bxf5 h6
23. Nc2 Qg5 24. Qxg5 hxg5 25. g4 (25. Ne3 $142 $15) 25... Rd5 $17 26. Re1 Rd2
27. Kf1 d5 (27... Be5 $5 $17) 28. Re2 Rd1+ 29. Kg2 d4 30. cxd4 $1 (30. Nxd4
Bxd4 31. Bc2 Ra1 (31... Rc1 $2 32. cxd4 Rd8 33. Rd2) 32. cxd4 Rd8 $17) 30...
Bxd4 31. Nb4 {Suddenly White has good chances to escape. My play in the coming
time trouble was probably not the most convincing one.} Bg7 (31... Bb6 32. Nxa6
Rfd8 33. Re5 R8d2 {was better.}) 32. Nxa6 Rfd8 33. Nc7 b4 34. a3 b3 $6 (34...
R1d2 {It is always difficult to swap pieces in such positions. But this move
which trades a Rook pair and the b-pawn was probably the right decision. Here
Black still has good chances to win.} 35. Rxd2 Rxd2 36. axb4 Bd4 $17) 35. Re3
Bd4 36. Rxb3 Rd2 37. Rf3 Rxb2 {When I went to this position, I did not see the
defencive maneuver Na6-b4-d3. Now, while waiting for my opponent's answer, I
tried desperately to find something, but I failed..} 38. Be4 $4 (38. Na6 $1 Bb6
39. Nb4 Rdd2 40. Nd3 Ra2 41. Be4 Rxa3 42. Bf5 {And although White has not so
many moves to play, it is enough to hold the position!}) 38... Re2 $1 $19 {
Now I could relax - the rest is easy.} 39. Bd3 (39. Bc6 Rc8 40. Nb5 Rxf2+ 41.
Rxf2 Bxf2 $19) 39... Rxf2+ 40. Rxf2 Bxf2 41. Bb5 Rd2 42. Kf3 Bb6 43. Ne8 Rxh2
44. Ke4 Rf2 45. a4 Kf8 46. Nd6 Rf4+ 47. Kd5 Rxg4 48. Nc4 Bf2 0-1

[Event "FIDE World Cup-B (Women)"]
[Site "Shenyang"]
[Date "2000.09.03"]
[Round "3"]
[White "Wang, Pin"]
[Black "Amura, Claudia Noemi"]
[Result "1/2-1/2"]
[WhiteElo "2502"]
[BlackElo "2351"]
[Annotator "Rogozenco,D"]
[PlyCount "94"]
[EventDate "2000.09.01"]
[EventType "tourn"]
[EventRounds "5"]
[EventCountry "CHN"]
[EventCategory "7"]
[SourceTitle "CBM 079"]
[Source "ChessBase"]
[SourceDate "2000.11.21"]
[SourceVersion "1"]
[SourceVersionDate "2000.11.21"]
[SourceQuality "1"]

1. e4 c5 2. Nf3 Nc6 3. d4 cxd4 4. Nxd4 Nf6 5. Nc3 e5 6. Ndb5 d6 7. Bg5 a6 8.
Na3 b5 9. Bxf6 gxf6 10. Nd5 f5 11. c3 Bg7 12. exf5 Bxf5 13. Nc2 Be6 14. g3 O-O
15. Bg2 a5 16. O-O Rb8 17. Qe2 (17. Qh5) (17. Qd2) 17... f5 (17... Ne7 18. Rad1
f5 19. Nce3 (19. Rd2) 19... Kh8 20. a3 Qd7 21. Nxe7 Qxe7 22. Nd5 Qf7 $11 {
1/2-1/2 Leko,P-Kramnik,V/Linares 2000/ (41)}) (17... Qd7 $5 {would be another
typical move, with the idea Kh8, f5, Qf7, or with the idea Bg4.}) 18. Nf4 $5 {
using the fact that the Knight on c6 is not protected, White swaps
light-squares Bishops. Usually that would be in White's favour, although the
position remains very close to equal anyway.} Bc4 $8 19. Bd5+ Bxd5 20. Nxd5 Qd7
21. a3 a4 $5 {[%cal Rc6a5,Ra5c4] Black starts a highly unusual plan of
bringing the Knight to c4 via a5. A standart plan would be to play for b5-b4
instead.} 22. Rad1 Kh8 (22... e4 {is less consequent.} 23. f3 exf3 24. Qxf3 Be5
25. Nce3 $16 {[%csl Rf5]}) 23. f4 Na5 24. Nce3 Nc4 25. Nxc4 bxc4 26. Rd2 $14 {
White is slightly better. He has a good control in the center and his weak
pawn on b2 is well defended.} Qc6 27. Rfd1 Rbe8 28. Qf2 exf4 29. Nxf4 (29. Qxf4
$5 Re4 30. Qg5) 29... Be5 30. Rf1 Rg8 31. Qf3 Qc5+ 32. Kh1 Bxf4 {With this
trade Black admits that he is lost the strategical battle and hopes to defend
an inferior position.} 33. Qxf4 {[%csl Ra4,Rc4,Rd6,Rf5]} Re5 34. Qf2 ({More
active would be} 34. Qh6 $1 {[%csl Rd6]} Rd5 35. Qf6+ Rg7 36. Rdf2 $16) 34...
Qc6+ 35. Kg1 Rg4 36. Rfd1 d5 37. Rd4 h5 {Very risky pawn moves are
characteristic for Black in this game.} (37... Rge4 {looks more natural.}) 38.
Rf4 (38. Qf3 $5 $14 {[%csl Rd5,Rf5,Rh5] /+/-.}) 38... Qe6 39. Rf1 Rxf4 40. Qxf4
Kh7 41. Qg5 Qh6 42. Qxh6+ Kxh6 {With only one pair of Rooks Black holds easily.
} 43. Kf2 Kg5 44. Kf3 Kf6 45. Rd1 Ke6 46. Rd2 Re4 47. Re2 Ke5 1/2-1/2

[Event "Reykjavik zt 1.3"]
[Site "Reykjavik"]
[Date "2000.09.09"]
[Round "2.2"]
[White "Gunnarsson, Jon Viktor"]
[Black "Hansen, Sune Berg"]
[Result "0-1"]
[WhiteElo "2368"]
[BlackElo "2545"]
[Annotator "Rogozenco,D"]
[PlyCount "100"]
[EventDate "2000.09.05"]
[EventType "k.o."]
[EventRounds "3"]
[EventCountry "ISL"]
[SourceTitle "CBM 079"]
[Source "ChessBase"]
[SourceDate "2000.11.21"]
[SourceVersion "1"]
[SourceVersionDate "2000.11.21"]
[SourceQuality "1"]

1. e4 c5 2. Nf3 Nc6 3. d4 cxd4 4. Nxd4 Nf6 5. Nc3 e5 6. Ndb5 d6 7. Bg5 a6 8.
Na3 b5 9. Bxf6 gxf6 10. Nd5 f5 11. c3 (11. g3 fxe4 12. Bg2 Bg7 13. Bxe4 Be6 (
13... O-O $6 14. Ne3 $16) 14. Qh5 {keeping black King in the center for a
while.}) 11... Bg7 12. g3 {This is not a very precise move order. Better is 12.
exf5. If White wanted to play the system with an early g3, then he should've
done it one move earlier. Look the previous comment.} (12. exf5 Bxf5 13. Nc2
Be6 14. g3 O-O 15. Bg2 Rb8 16. O-O a5) 12... fxe4 13. Bg2 O-O 14. Bxe4 Rb8 (
14... f5 15. Bg2 Rb8 16. O-O Be6 (16... Kh8 17. Nc2 a5 $11) 17. Nc2 a5 18. Kh1
Qd7 19. f4 e4 20. Nce3 Ne7 21. Nxe7+ Qxe7 22. g4 $36 {1/2-1/2 Anand,V-Spasov,V/
Groningen 1989/ (37)}) 15. Nc2 f5 16. Bg2 a5 $11 17. O-O {If we compare this
position with similar ones from another line, White is a tempo down, due to
waste of time by playing Bg2-e4-g2. (Look at the given variation 12.exf5; the
difference is that here we have f5 instead of Be6, but Black is to move).} Kh8
18. f4 e4 19. Nce3 b4 $132 {White's play is connected with g3-g4 at one moment.
At the same time he should keep a good control over d5-square. Black's plan is
to create counterplay on the queenside.} 20. Qh5 (20. Qe2 {It was more
cautious to keep an eye on b2.}) 20... Ne7 21. Rad1 bxc3 22. bxc3 Nxd5 23. Nxd5
Be6 24. g4 (24. Rd2 Qc8 $1 {[%cal Rc8c5]}) 24... Rb2 $1 $17 {The right move.
Activity must be the most important thing in such dynamic positions.} (24...
fxg4 $2 25. Bxe4 $16) 25. Kh1 (25. a4 Bxd5 26. Rxd5 Qb6+ 27. Kh1 e3 $19 {
[%cal Re3e2,Rg7c3]}) 25... Rxa2 26. Ne3 (26. gxf5 Rxf5 $19) 26... Qe7 (26...
Bxc3) 27. gxf5 Bg8 28. Ng4 (28. Nd5 Bxd5 29. f6 $1 {Using this tactical trick
White could bring his Queen into the center and hope to survive, although
Black is better anyway.} Bxf6 30. Qxd5 {[%csl Ra2]} Re2 (30... Rxg2 31. Kxg2 e3
32. Rde1 Bxc3 33. Re2 Bd2 $15) 31. Rfe1 Rxe1+ 32. Rxe1 Bxc3 33. Rxe4 Qf6 $17)
28... e3 29. Rfe1 Rxg2 $1 ({Even more precise than} 29... e2 30. Rc1 Bxc3 {
with big advantage.}) 30. Kxg2 Qe4+ 31. Kg1 Rxf5 32. Qh3 e2 33. Rd2 Rxf4 $19
34. Nf2 Qg6+ 35. Qg3 Bxc3 36. Rexe2 Bxd2 37. Rxd2 Qxg3+ 38. hxg3 Rf6 39. Ne4
Rg6 40. Rxd6 Rxd6 41. Nxd6 a4 42. Nb5 Kg7 43. Kf2 Kf6 44. Kf3 (44. Ke3 $142 Kf5
(44... Ke5 45. Kd3 {This was the only chance - the King goes to a-pawn and the
Knight tries to take h-pawn.} h5 46. Kc3 (46. Na3 Bh7+ 47. Kc3 (47. Ke3 Kd5 $19
) 47... Ke4 48. Nc4 Kf3 $19) 46... Ke4 47. Nd6+ Kf3 48. Nf5 a3 49. Ng7 Kg4 50.
Nxh5 Kxh5 51. Kc2 Ba2 52. Kc3 $11) 45. Na3 (45. Kf3 Ke5 46. Ke3 Bc4 47. Na3 Kd5
{-game.}) 45... Ke5 46. Kd3 h5 47. Nb5 Bh7+ $19 {-see 44. ... Ke5 45.Kd3 h5 46.
Na3 Bh7.}) 44... Ke5 45. Ke3 Bc4 $1 46. Na3 Kd5 47. Nb1 (47. Nc2 Bb3 48. Na3
Kc5 $19) (47. Kd2 Kd4 48. Nc2+ Ke4 49. Kc3 Bg8 50. Nd4 a3 51. Ne2 Kf3 52. Nf4
Bf7 53. Nh3 h6 $19) 47... Kc5 48. Kd2 Kb4 49. Kc2 a3 50. Nd2 Bd3+ 0-1

[Event "Bundesliga 0506"]
[Site "Germany"]
[Date "2005.11.12"]
[Round "3.2"]
[White "Sokolov, Andrei"]
[Black "Bokros, Albert"]
[Result "1/2-1/2"]
[WhiteElo "2623"]
[BlackElo "2426"]
[Annotator "Rogozenco,D"]
[PlyCount "82"]
[EventDate "2005.10.21"]
[EventType "team-tourn"]
[EventRounds "15"]
[EventCountry "GER"]
[SourceTitle "CBM 110"]
[Source "ChessBase"]
[SourceDate "2006.01.31"]
[SourceVersion "1"]
[SourceVersionDate "2006.01.31"]
[SourceQuality "1"]
[WhiteTeam "Tegernsee"]
[BlackTeam "Kirchheim"]
[WhiteTeamCountry "GER"]
[BlackTeamCountry "GER"]

1. e4 c5 2. Nf3 e6 3. d4 cxd4 4. Nxd4 Nf6 5. Nc3 Nc6 6. Ndb5 d6 7. Bf4 e5 8.
Bg5 a6 9. Na3 b5 10. Bxf6 gxf6 11. Nd5 Bg7 12. Bd3 Ne7 13. Nxe7 Qxe7 14. O-O
O-O 15. c3 (15. c4 {is sharper}) 15... f5 16. Nc2 Rb8 (16... f4 {leads to a
more complicated play}) 17. exf5 e4 18. Re1 Bxf5 19. Ne3 (19. Nd4 Bxd4 20. cxd4
d5 $11) (19. Nb4 {can transpose to the game:} a5 20. Nd5 (20. Nc6 $2 Qb7 21.
Nxb8 exd3 $19) 20... Qe5 21. Bc2 Bg6 {and we have the game position after move
21}) 19... Bg6 20. Nd5 Qe5 21. Bc2 a5 22. f4 Qe8 $5 {The common move is 22...
Qe6, in order to keep pawn d6 protected and eventually control better square
f5 (to defend against f4-f5 after Ne3), but the present game shows that the
retreat to e8 deserves attention as well.} 23. Ne3 $146 {The most logical:
White attacks pawn d6 and threatens the advance of the f-pawn} (23. Qd2 Kh8 (
23... f5 24. Bb3 Kh8 25. Nc7 Qc6 26. Ne6 $14 {1-0 Goloshchapov,A (2574)
-Popadic,D (2261)/Budva 2003 (45)}) 24. a4 bxa4 25. Bxa4 Qc8 26. Kh1 Qb7 27. b3
f5 28. Rac1 Bf7 29. c4 Bxd5 30. cxd5 Qb4 $11 {1/2-1/2 Palac,M (2545)-Ochoa de
Echaguen,F (2440)/France 1998 (36)}) ({Besides the game continuation, another
attempt to use the difference between 22...Qe6 and 22...Qe8 is} 23. f5 Bxf5 24.
Qb1 {although the position after} b4 ({or} 24... Qe5 25. Bxe4 Bxe4 26. Qxe4
Qxe4 (26... b4 27. Qd3 $1 $16) 27. Rxe4 b4) 25. cxb4 Qe5 26. Bxe4 Bxe4 27. Qxe4
Qxe4 28. Rxe4 axb4 {must be just a draw}) 23... f5 (23... Qe6 $2 24. g4 $1 $18)
24. Qxd6 (24. g4 fxg4 ({or} 24... b4 $11) 25. f5 Bxf5 26. Nxf5 Rxf5 27. Bxe4
Re5 28. Qxg4 Kh8 $11) 24... b4 $44 25. cxb4 ({Another possibility was to
return the extra pawn:} 25. Rac1 bxc3 26. bxc3 Bxc3 27. Bb3+ Rxb3 28. axb3 Bxe1
29. Rxe1 {The knight is better than the bishop, but White's king is exposed
and therefore Black should have sufficient resources to hold the position after
} Qb5) 25... Rxb4 26. Bb3+ Kh8 27. Rad1 Qb8 $1 ({After} 27... Bxb2 28. Nc4 Bg7
(28... Bc3 29. Re3) 29. Nxa5 {Black will have a long fight for the draw}) 28.
Qxb8 Rfxb8 29. g4 {This spoils White's pawn structure and leaves no chances at
all to play for a win.} ({Some hopes for a full point would have left} 29. Be6
Bxb2 (29... Rxb2 30. Nxf5 (30. Bxf5 $2 Bc3 31. Rf1 Bxf5 32. Nxf5 Bd2 $132)
30... Bxf5 31. Bxf5 Rxa2 32. Rxe4 $14 {and Black stll has to work for the draw,
since the advance the a-pawn loses it:} a4 33. Be6 Ra3 34. Bd7) 30. Bxf5 (30.
Nxf5 $2 Bc3 31. Re3 (31. Re2 Bh5) (31. Rf1 Bxf5 32. Bxf5 e3 33. Bd3 Rb2 $19)
31... Bxf5 32. Bxf5 Bd4 $17) 30... Bd4 31. Bxg6 hxg6 {although here too Black
must be able to draw.}) 29... Bd4 ({Also possible was} 29... fxg4 30. f5 a4 $1
(30... Bh5 $6 31. Nd5 $36) 31. Be6 Bh5 32. Nc4 (32. Nd5 $2 Rxb2 33. Nf4 Be8 34.
Rxe4 Bc6 $17) 32... g3 33. Rd7 gxh2+ 34. Kxh2 Bf3 $11) 30. Kg2 Bxe3 31. Rxe3
fxg4 $11 32. Kg3 Bf5 33. Rd2 a4 34. Bd1 Rxb2 35. Rxb2 Rxb2 36. a3 h5 37. Bxa4
h4+ 38. Kxh4 Rxh2+ 39. Kg5 Rh3 40. Re1 Rxa3 41. Kxf5 Rxa4 1/2-1/2

[Event "Griesheim GM"]
[Site "Griesheim"]
[Date "2002.01.26"]
[Round "4"]
[White "Naiditsch, Arkadij"]
[Black "Jakubiec, Artur"]
[Result "1/2-1/2"]
[WhiteElo "2532"]
[BlackElo "2518"]
[Annotator "Rogozenco,D"]
[PlyCount "104"]
[EventDate "2002.01.23"]
[EventType "tourn"]
[EventRounds "9"]
[EventCountry "GER"]
[EventCategory "12"]
[SourceTitle "CBM 088"]
[Source "ChessBase"]
[SourceDate "2002.03.21"]
[SourceVersion "1"]
[SourceVersionDate "2002.03.21"]
[SourceQuality "1"]

1. e4 c5 2. Nf3 Nc6 3. d4 cxd4 4. Nxd4 Nf6 5. Nc3 e5 6. Ndb5 d6 7. Bg5 a6 8.
Na3 b5 9. Bxf6 gxf6 10. Nd5 f5 11. Bxb5 axb5 12. Nxb5 Ra4 13. b4 Rxb4 14. Nbc7+
Kd7 15. O-O Qxc7 16. c3 {This amazing-looking move was played by Alexey Shirov
versus Topalov and won the first prize of the best novelties of the Informant
81.} ({The below given game, played by Shirov's second Mikhail Rytschagov,
will help to understand better the idea behind 16.c3.} 16. Nxc7 Kxc7 17. Qh5
Rxe4 18. Qxf7+ Be7 {Remember this position and read the annotation after 19. ..
. Be7 in the game.} 19. Rfb1 Rf8 20. Qb3 Rb4 21. Qd5 Rxb1+ 22. Rxb1 Bd7 23. a4
Ra8 {Black is not worse, Rytshagov,M-Ripari,M/Saint Vincent 2001.}) 16... Rxe4
17. Qh5 {Now it becomes clear: the king on d7 closes the diagonal of
light-squared bishop and this is more important than taking the queen on move
16.} Kd8 18. Nxc7 Kxc7 19. Qxf7+ Be7 {Compare this position with the one from
the Rytschagov-Ripari game. See the difference? Yes, here the pawn is on c3
instead of c2 and this is of course very important because Black doesn't have
squares b4 and d4 for his pieces.} 20. Rab1 Ba6 21. Rfd1 Rf8 22. Qb3 Rb8 23.
Qe6 Bc4 $1 $146 {or 23. ... Rxb1 24.Rxb1 Bc4. This novelty was recommended in
the annotations of Shirov-Topalov.} (23... Rxb1 24. Rxb1 Bd3 25. Rd1 f4 $2 26.
Qd5 Bc2 27. Rc1 Re2 28. a4 $16 {/+-, 1-0 Shirov,A-Topalov,V/Leon 2001 (44).})
24. Qxf5 Rxb1 25. Rxb1 Bd3 26. Rf1 d5 27. Qe6 ({In the annotations to the
above-mentioned game I evaluated the position after} 27. Qxh7 Bxf1 28. Kxf1 {
as slightly better for White. In opposite to the game here White can at least
try to push the h-pawn, although after the following moves} Rh4 29. Qd3 Kd6 {
is is clear that pushing the h-pawn is not so easy. Still I think 27.Qxh7 was
a better try (though more risky - White can lose later c3-pawn), because in
the game was an easy draw.} (29... d4 $6 30. h3 $14 {/+/-})) 27... Bxf1 28.
Kxf1 d4 29. cxd4 (29. Qf5 $2 Rf4 (29... Rh4 30. cxd4 exd4 {[%cal Gh4h6,Gh6d6]})
30. Qxh7 dxc3 31. Qd3 Bb4 $132) 29... Rxd4 30. g3 Rd6 31. Qc4 h6 $11 {Black's
pieces are well defended and in order to improve the position White must
advance his pawns, but Black controls all important squares, so soon it will
become obvious that White cannot achieve anything.} 32. Qc3 Rd4 33. h4 Bb4 34.
Qc2 Kb6 35. Kg2 Bc5 36. h5 Be7 37. Qb3+ Kc7 38. Qf7 Rd7 39. a4 Bg5 40. Qf5 Bd2
41. Qe6 (41. f4 exf4 42. gxf4 Rd6 43. Qe4 $11) 41... Re7 42. Qd5 Bc3 43. Qc4
Bd2 44. Qd5 Rd7 45. Qe6 Rd6 46. Qf7+ Kb6 47. Qb3+ Bb4 48. Qc4 Rf6 49. Qh4 Rf8
50. Qe4 Rf6 51. Qh4 Rd6 52. Qc4 Rf6 1/2-1/2